LEADER 00879nam0-2200301---450- 001 990008328490403321 005 20060516110018.0 035 $a000832849 035 $aFED01000832849 035 $a(Aleph)000832849FED01 035 $a000832849 100 $a20060516d1992----km-y0itay50------ba 101 0 $aeng 102 $aUS 105 $aa-------001yy 200 1 $aConcepts & calculations in analytical chemistry$ea spreadsheet approach$fHenry Freiser 210 $aBoca Raton [etc.]$cCRC press$dc1992 215 $aVI, 339 p.$d24 cm 610 0 $aChimica analitica 676 $a543.00285 700 1$aFreiser,$bHenry$049421 801 0$aIT$bUNINA$gRICA$2UNIMARC 901 $aBK 912 $a990008328490403321 952 $a80 V B 54 CFT (11)$bCFT 646$fFFABC 959 $aFFABC 996 $aConcepts & calculations in analytical chemistry$9744199 997 $aUNINA LEADER 03273nam 2200709 a 450 001 9910462234703321 005 20200520144314.0 010 $a1-283-58424-7 010 $a9786613896698 010 $a1-60344-772-5 035 $a(CKB)2670000000234538 035 $a(EBL)1056979 035 $a(OCoLC)809977875 035 $a(SSID)ssj0000711037 035 $a(PQKBManifestationID)11940701 035 $a(PQKBTitleCode)TC0000711037 035 $a(PQKBWorkID)10673674 035 $a(PQKB)11151913 035 $a(MiAaPQ)EBC1056979 035 $a(OCoLC)812786322 035 $a(MdBmJHUP)muse19780 035 $a(Au-PeEL)EBL1056979 035 $a(CaPaEBR)ebr10588011 035 $a(CaONFJC)MIL389669 035 $a(EXLCZ)992670000000234538 100 $a20120201d2012 uy 0 101 0 $aeng 135 $aur|n|---||||| 181 $ctxt 182 $cc 183 $acr 200 10$aBlind over Cuba$b[electronic resource] $ethe photo gap and the missile crisis /$fDavid M. Barrett & Max Holland 205 $a1st ed. 210 $aCollege Station [Tex.] $cTexas A&M University Press$dc2012 215 $a1 online resource (226 p.) 225 0$aForeign relations and the presidency ;$vno. 11 300 $aDescription based upon print version of record. 311 $a1-60344-768-7 320 $aIncludes bibliographical references and index. 327 $aThe making of a "photo gap": August 29 to October 14, 1962 -- Obscuring the photo gap -- The struggle over the postmortems -- Stonewalling the House -- The Senate steps in -- Tensions within the Kennedy administration: fashioning a unified story -- End of the trail: the "interim" report -- The costs of managed history -- Appendix: a historiography of the photo gap, 1963-2011. 330 $a In the aftermath of the Cuban Missile Crisis, questions persisted about how the potential cataclysm had been allowed to develop. A subsequent congressional investigation focused on what came to be known as the "photo gap": five weeks during which intelligence-gathering flights over Cuba had been attenuated. In Blind over Cuba, David M. Barrett and Max Holland challenge the popular perception of the Kennedy administration's handling of the Soviet Union's surreptitious deployment of missiles in the Western Hemisphere. Rather than epitomizing it as a masterpiece of crisis man 410 0$aForeign relations and the presidency ;$vno. 11. 606 $aCuban Missile Crisis, 1962 606 $aIntelligence service$xPolitical aspects$zUnited States 606 $aExecutive-legislative relations$zUnited States 606 $aNational security$xPolitical aspects$zUnited States 607 $aUnited States$xPolitics and government$y1961-1963 608 $aElectronic books. 615 0$aCuban Missile Crisis, 1962. 615 0$aIntelligence service$xPolitical aspects 615 0$aExecutive-legislative relations 615 0$aNational security$xPolitical aspects 676 $a973.922 700 $aBarrett$b David M.$f1951-$0893851 701 $aHolland$b Max$0893852 801 0$bMiAaPQ 801 1$bMiAaPQ 801 2$bMiAaPQ 906 $aBOOK 912 $a9910462234703321 996 $aBlind over Cuba$91996653 997 $aUNINA LEADER 05804nam 2200853 a 450 001 9910792274603321 005 20211005223244.0 010 $a9786612006982 010 $a0-19-828634-1 010 $a0-19-152150-7 010 $a1-282-00698-3 035 $a(CKB)2560000000293765 035 $a(EBL)3053288 035 $a(OCoLC)63294296 035 $a(SSID)ssj0000087422 035 $a(PQKBManifestationID)11121233 035 $a(PQKBTitleCode)TC0000087422 035 $a(PQKBWorkID)10053183 035 $a(PQKB)10818217 035 $a(SSID)ssj0000175287 035 $a(PQKBManifestationID)12065349 035 $a(PQKBTitleCode)TC0000175287 035 $a(PQKBWorkID)10189129 035 $a(PQKB)10991903 035 $a(StDuBDS)EDZ0000073973 035 $a(MiAaPQ)EBC3053288 035 $a(Au-PeEL)EBL3053288 035 $a(CaPaEBR)ebr10283761 035 $a(CaONFJC)MIL200698 035 $a(MiAaPQ)EBC5746053 035 $a(EXLCZ)992560000000293765 100 $a20091031d1989 fy| 0 101 0 $aeng 135 $aur|n|---||||| 181 $ctxt 182 $cc 183 $acr 200 10$aHunger and public action$b[electronic resource] /$fJean Dre?ze and Amartya Sen 210 $aOxford $cClarendon$d1989 215 $a1 online resource (392 p.) 225 1 $aWIDER studies in development economics 300 $aIncludes indexes. 311 $a0-19-828365-2 311 $a0-19-159619-1 320 $aIncludes bibliographical references and index. 327 $aFOREWORD; PREFACE; CONTENTS; LIST OF FIGURES; LIST OF TABLES; Part I: Hunger in the Modern World; 1 Introduction; 1.1 Past and Present; 1.2 Famine and Chronic Undernourishment; 1.3 Some Elementary Concepts; 1.4 Public Action for Social Security; 2 Entitlement and Deprivation; 2.1 Deprivation and the Law; 2.2 Entitlement Failures and Economic Analysis; 2.3 Availability, Command and Occupations; 2.4 The 'Food Crisis' in Sub-Saharan Africa; 3 Nutrition and Capability; 3.1 World Hunger: How Much?; 3.2 Food Deprivation and Undernourishment; 3.3 Poverty and Basic Capabilities 327 $a4 Society, Class and Gender4.1 Are Famines Natural Phenomena?; 4.2 Society and Cooperative Conflicts; 4.3 Female Deprivation and Gender Bias; 4.4 Famine Mortality and Gender Divisions; 4.5 Gender and Cooperative Conflicts; 4.6 Protection, Promotion and Social Security; Part II: Famines; 5 Famines and Social Response; 5.1 Famine Prevention and Entitlement Protection; 5.2 African Challenge and International Perception; 5.3 Informal Security Systems and Concerted Action; 5.4 Aspects of Traditional Response; 5.5 Early Warning and Early Action; 6 Famines, Markets and Intervention 327 $a6.1 The Strategy of Direct Delivery6.2 Availability, Prices and Entitlements; 6.3 Private Trade and Famine Vulnerability; 6.4 Speculation, Hoarding and Public Distribution; 6.5 Cash Support; 6.6 An Adequate Plurality; 7 Strategies of Entitlement Protection; 7.1 Non-exclusion, Targeting and Selection; 7.2 Alternative Selection Mechanisms; 7.3 Feeding and Family; 7.4 Employment and Entitlement; 7.5 A Concluding Remark; 8 Experiences and Lessons; 8.1 The Indian Experience; 8.2 A Case-Study: The Maharashtra Drought of 1970-1973; 8.3 Some African Successes; 8.4 Lessons from African Successes 327 $aPart III: Undernutrition and Deprivation9 Production, Entitlements and Nutrition; 9.1 Introduction; 9.2 Food Self-Sufficiency?; 9.3 Food Production and Diversification; 9.4 Industrialization and the Long Run; 9.5 Cash Crops: Problems and Opportunities; 9.6 From Food Entitlements to Nutritional Capabilities; 10 Economic Growth and Public Support; 10.1 Incomes and Achievements; 10.2 Alternative Strategies: Growth-Mediated Security and Support-Led Security; 10.3 Economic Growth and Public Support: Interconnections and Contrasts; 10.4 Growth-Mediated Security and Unaimed Opulence 327 $a10.5 Opulence and Public Provisioning10.6 Growth-Mediated Security: The Case of South Korea; 10.7 Support-Led Security and Equivalent Growth; 11 China and India; 11.1 Is China Ahead?; 11.2 What Put China Ahead?; 11.3 The Chinese Famine and the Indian Contrast; 11.4 Chinese Economic Reforms: Opulence and Support; 11.5 China, India and Kerala; 12 Experiences of Direct Support; 12.1 Introduction; 12.2 Sri Lanka; 12.3 Chile; 12.4 Costa Rica; 12.5 Concluding Remarks; Part IV: Hunger and Public Action; 13 The Economy, the State and the Public; 13.1 Against the Current? 327 $a13.2 Famines and Undernutrition 330 8 $aThis book analyses the role of public action in solving the problem of hunger in the modern world and is divided into four parts: Hunger in the modern world, Famines, Undernutrition and deprivation, and Hunger and public action. 410 0$aWIDER studies in development economics. 606 $aFood supply$xGovernment policy$zDeveloping countries 606 $aFamines$xPrevention$xGovernment policy$zDeveloping countries 606 $aFamines$xPrevention$xCitizen participation 606 $aPoor$xGovernment policy$zDeveloping countries 606 $aNutrition policy$zDeveloping countries 607 $aDeveloping countries$xSocial policy 615 0$aFood supply$xGovernment policy 615 0$aFamines$xPrevention$xGovernment policy 615 0$aFamines$xPrevention$xCitizen participation. 615 0$aPoor$xGovernment policy 615 0$aNutrition policy 676 $a363.8/56/091724 700 $aDre?ze$b Jean$0375278 701 $aSen$b Amartya$f1933-$0119897 712 02$aWorld Institute for Development Economics Research. 801 0$bStDuBDS 801 1$bStDuBDS 906 $aBOOK 912 $a9910792274603321 996 $aHunger and public action$9841805 997 $aUNINA